Technologické inovácie v systémoch riadenia ľudí – skutočné a očakávané prejavy digitalizácie
Aplikácia inovácií v systémoch riadenia ľudských zdrojov, ktoré vznikajú z dôvodu digitálnej transformácie podnikov na Slovensku. Pripravenosť podnikov na tieto zmeny cez kompetencie zamestnancov. Kompetencie riadiacich pracovníkov v digitálnej ére.
Gespeichert in:
| 1. Verfasser: | |
|---|---|
| Weitere Verfasser: | |
| Format: | Buchkapitel |
| Sprache: | Slowakisch |
| Schlagworte: | |
| Tags: |
Keine Tags, Fügen Sie das erste Tag hinzu!
|
MARC
| LEADER | 00000naa$a2200000$$$4500 | ||
|---|---|---|---|
| 001 | 0281105 | ||
| 005 | 20240502074352.4 | ||
| 041 | 0 | |a slo | |
| 044 | |a SK | ||
| 245 | 1 | 0 | |a Technologické inovácie v systémoch riadenia ľudí – skutočné a očakávané prejavy digitalizácie |c Jana Blštáková, Nina Dědečková |
| 520 | |a Aplikácia inovácií v systémoch riadenia ľudských zdrojov, ktoré vznikajú z dôvodu digitálnej transformácie podnikov na Slovensku. Pripravenosť podnikov na tieto zmeny cez kompetencie zamestnancov. Kompetencie riadiacich pracovníkov v digitálnej ére. | ||
| 610 | 2 | 0 | |a inovácie technologické |
| 610 | 2 | 0 | |a riadenie ľudských zdrojov |
| 610 | 2 | 0 | |a digitalizácia |
| 610 | 2 | 0 | |a transformácia digitálna |
| 610 | 2 | 0 | |a manažment personálny |
| 610 | 2 | 0 | |a technológie informačné |
| 610 | 2 | 0 | |a technológie komunikačné |
| 100 | 1 | |a Blštáková, Jana, 1980- | |
| 700 | 1 | |a Dědečková, Nina, 1994- | |